| 000 | 00437nam a2200157Ia 4500 | ||
|---|---|---|---|
| 003 | LK-CoDNM | ||
| 008 | 010623t1970 xxu||||| |||| 00| 1 eng d | ||
| 040 |
_aLK-CoDNM _dLK-CoDNM _eLK-CoDNM |
||
| 041 | _aeng | ||
| 080 | _a002:069 DOC | ||
| 245 | _aDocumentation and the world's Museums | ||
| 260 |
_bSecretarial of the International Council of Museum _aParis _c1970 |
||
| 300 | _b11p., 21 cm | ||
| 650 | _aLibrary Science | ||
| 942 | _cBK | ||
| 999 |
_c108084 _d108084 |
||